24 More 'C' Celebrities Quiz Stats

 Plays Quiz Updated Aug 5, 2014

Support Sporcle.
Go Orange.
Score 0/24 Timer 06:00
0 Plays Today
% Correct
Hillary Rodham Clinton
96.4%
George Clooney
95.9%
Nicolas Cage
95.5%
Simon Cowell
91.3%
Sean Connery
83.8%
Ray Charles
80.3%
Steve Carell
78%
Drew Carey
74.6%
John Candy
73.5%
John Cusack
68.9%
Sheryl Crow
67.3%
Kelly Clarkson
65.3%
% Correct
Bing Crosby
62.1%
Katie Couric
60.5%
Phil Collins
59.6%
Eric Clapton
58%
Don Cheadle
56.6%
Cindy Crawford
55.8%
James Caan
46.3%
Elvis Costello
45.9%
Neve Campbell
45.4%
Wilt Chamberlain
39.6%
Sarah Chalke
28.3%
Deepak Chopra
12.6%

From the Vault

Weakest Link: 'B' Countries

by themightymoosh

We have a weak spot for Geography quizzes.
Remove Ads.
Support Sporcle.
Get the best of Sporcle when you Go Orange. This ad-free experience offers more features, more stats, and more fun while also helping to support Sporcle. Thank you for becoming a member.

Show Comments

Extras

Top Quizzes Today


Score Distribution

Your Account Isn't Verified!

In order to create a playlist on Sporcle, you need to verify the email address you used during registration. Go to your Sporcle Settings to finish the process.

Report this User

Report this user for behavior that violates our Community Guidelines.

Details: